Hidroponía para dummies (Registro nro. 3896)
[ vista simple ]
| 000 -Cabecera | |
|---|---|
| Campo de control de longitud fija | 00734nam a22003017a 4500 |
| 005 - Fecha y hora de la última transacción | |
| Campo de control | 20231122125556.0 |
| 008 - Elementos de longitud fija--Información general | |
| Campo de control de longitud fija | 150312b2012 xxu||||| |||| 00| 0 spa d |
| 020 ## - International Standard Book Number | |
| Número Internacional Estándar del Libro (ISBN) | 9786070713330 |
| 041 ## - Idioma | |
| Código de idioma | Español |
| 082 ## - Clasificación Decimal Dewey | |
| Número de clasificación | 631.585 S192h |
| 100 ## - Entrada principal--Autor personal | |
| Nombre personal | Samperio, Gloria |
| 9 (RLIN) | 21145 |
| 245 ## - Título propiamente dicho | |
| Título | Hidroponía para dummies |
| 260 ## - Pie de imprenta | |
| Lugar de publicación, distribución, etc. | México |
| 260 ## - Pie de imprenta | |
| Nombre del editor, distribuidor, etc. | Planeta |
| 260 ## - Pie de imprenta | |
| Fecha de publicación, distribución, etc. | 2013 |
| 300 ## - Descripción física | |
| Extensión | 328 páginas |
| 650 ## - Materia general | |
| Temática (materia general) | HIDROPONÍA |
| 650 ## - Materia general | |
| Temática (materia general) | CULTIVO SIN TIERRA |
| 650 ## - Materia general | |
| Temática (materia general) | SISTEMAS HIDROPÓNICOS |
| 650 ## - Materia general | |
| Temática (materia general) | PLANTA |
| 650 ## - Materia general | |
| Temática (materia general) | FOTOSÍNTESIS |
| 650 ## - Materia general | |
| Temática (materia general) | SOLUCIÓN NUTRITIVA |
| 650 ## - Materia general | |
| Temática (materia general) | AGUA |
| 650 ## - Materia general | |
| Temática (materia general) | CULTIVOS COMERCIALES |
| 650 ## - Materia general | |
| Temática (materia general) | INVERNADERO HIDROPÓNICO |
| 650 ## - Materia general | |
| Temática (materia general) | DECÁLOGO |
| 942 ## - Punto de acceso adicional KOHA | |
| Tipo de ítem KOHA | Libro |
| Fuente del sistema de clasificación o colocación | Dewey Decimal Classification |
| Signatura completa | Código de barras | Tipo de ítem |
|---|---|---|
| 631.585 S192h | 19140 | Libro |